000 00349nam a2200157Ia 4500
003 OSt
005 20240120152905.0
008 170524s9999 xx 000 0 und d
020 _a‎9351610500
040 _cIIMTU
100 _aChopra R.K
245 0 _aPrinciples of Practical Management
260 _bSun in
260 _c2006
942 _2ddc
_c02
999 _c5625
_d5625